Régions de Madagascar - Statistiques

Statistiques générales
  • Ce quiz a été pris 37 fois
  • Le résultat moyen est 6 sur 24
Statistiques - réponses
Hint Réponse % Correct

Analamanga
83%

Diana
48%

Sava
48%

Boeny
43%

Itasy
35%

Bongolava
30%

Betsiboka
26%

Vatovavy
26%

Analanjirofo
17%

Atsimo-Andrefana
17%

Fitovinany
17%

Ihorombe
17%

Melaky
17%

Menabe
17%

Sofia
17%

Vakinankaratra
17%

Alaotra-Mangoro
13%

Androy
13%

Atsimo-Atsinanana
13%

Haute Matsiatra
13%

Amoron'i Mania
9%

Atsinanana
9%

Ambatosoa
4%

Anôsy
4%
Aucun quiz correspondant
Distribution des résultats
% des personnes avec chaque résultat
Percentile par nombre de réponses
Votre historique - résultats
Vous n’avez pas pris ce quiz